[Event "AUS-ch Major"]
[Site "Cammeray"]
[Date "2018.01.11"]
[Round "10"]
[White "Bhat, Vishal"]
[Black "Ng, Clive"]
[Result "1/2-1/2"]
[WhiteElo "1972"]
[BlackElo "2020"]
[PlyCount "74"]
[EventDate "2018.01.02"]
[EventType "swiss"]
[EventRounds "11"]
[EventCountry "AUS"]
[SourceTitle "CBM 182 Extra"]
[Source "ChessBase"]
[SourceDate "2018.02.23"]
[SourceVersion "1"]
[SourceVersionDate "2018.02.23"]
[SourceQuality "1"]

1. e4 c5 2. Nf3 Nc6 3. d4 cxd4 4. Nxd4 Nf6 5. Nc3 e5 6. Ndb5 d6 7. Bg5 a6 8. Na3 b5 9. Bxf6 gxf6 10. Nd5 Bg7 11. Bd3 Ne7 12. Nxe7 Qxe7 13. 0-0 0-0 14. c4 f5 15. Qh5 Rb8 16. exf5 e4 17. Rae1 Bb7 18. Re3 bxc4 19. Bxc4 Qe5 20. Rh3 h6 21. Nc2 d5 22. Ne3 dxc4 23. Ng4 Qf4 24. f6 Bc8 25. fxg7 Kxg7 26. Rg3 Kh7 27. Ne3 Be6 28. Qe2 Rfc8 29. Qc2 Rb5 30. a4 Rbc5 31. Qc3 Qe5 32. f4 Qxc3 33. bxc3 f5 34. Rb1 R8c7 35. Rb8 Rc8 36. Rb7+ R8c7 37. Rb8 Rc8 1/2-1/2

[Event "AUS-ch Major"]
[Site "Cammeray"]
[Date "2018.01.08"]
[Round "7"]
[White "Gong, Noah"]
[Black "Bhat, Vishal"]
[Result "0-1"]
[WhiteElo "1183"]
[BlackElo "1972"]
[PlyCount "46"]
[EventDate "2018.01.02"]
[EventType "swiss"]
[EventRounds "11"]
[EventCountry "AUS"]
[SourceTitle "CBM 182 Extra"]
[Source "ChessBase"]
[SourceDate "2018.02.23"]
[SourceVersion "1"]
[SourceVersionDate "2018.02.23"]
[SourceQuality "1"]

1. d4 d5 2. c4 c6 3. Nf3 Nf6 4. Nc3 e6 5. Bg5 h6 6. Bh4 dxc4 7. e4 g5 8. Bg3 b5 9. Be2 Bb7 10. 0-0 Nbd7 11. Ne5 Bg7 12. Nxd7 Nxd7 13. Bd6 a6 14. Re1 e5 15. Bh5 Qf6 16. dxe5 Nxe5 17. Bxe5 Qxe5 18. Qf3 0-0 19. Rad1 Bc8 20. Rd2 g4 21. Bxf7+ Rxf7 22. Qe3 Be6 23. Red1 Raf8 0-1

[Event "AUS-ch Major"]
[Site "Cammeray"]
[Date "2018.01.05"]
[Round "5"]
[White "Slater Jones, Tom"]
[Black "Bhat, Vishal"]
[Result "1/2-1/2"]
[WhiteElo "2038"]
[BlackElo "1972"]
[PlyCount "64"]
[EventDate "2018.01.02"]
[EventType "swiss"]
[EventRounds "11"]
[EventCountry "AUS"]
[SourceTitle "CBM 182 Extra"]
[Source "ChessBase"]
[SourceDate "2018.02.23"]
[SourceVersion "1"]
[SourceVersionDate "2018.02.23"]
[SourceQuality "1"]

1. d4 d5 2. c4 c6 3. Nc3 Nf6 4. cxd5 cxd5 5. f3 Nc6 6. e4 e6 7. e5 Nd7 8. f4 f5 9. Nf3 Be7 10. Be2 a6 11. 0-0 h6 12. Be3 g5 13. h3 Nf8 14. Ne1 Nh7 15. Bh5+ Kf8 16. Nd3 Kg7 17. Qd2 Bd7 18. Nc5 Bxc5 19. dxc5 Rg8 20. Bd4 Kh8 21. Rad1 Nxd4 22. Qxd4 Rg7 23. Kh2 g4 24. g3 Be8 25. Bxe8 Qxe8 26. h4 Nf8 27. Na4 Rc8 28. Nb6 Rc6 29. Rc1 Rgc7 30. Rc3 Qe7 31. Rfc1 Nd7 32. Nxd7 Qxd7 1/2-1/2

[Event "AUS-ch Major"]
[Site "Cammeray"]
[Date "2018.01.02"]
[Round "1"]
[White "Shen, Fiona"]
[Black "Bhat, Vishal"]
[Result "0-1"]
[WhiteElo "1677"]
[BlackElo "1972"]
[PlyCount "58"]
[EventDate "2018.01.02"]
[EventType "swiss"]
[EventRounds "11"]
[EventCountry "AUS"]
[SourceTitle "CBM 182 Extra"]
[Source "ChessBase"]
[SourceDate "2018.02.23"]
[SourceVersion "1"]
[SourceVersionDate "2018.02.23"]
[SourceQuality "1"]

1. d4 d5 2. c4 c6 3. Nf3 Nf6 4. Nc3 e6 5. e3 Nbd7 6. Bd2 Bd6 7. a3 a5 8. Qb3 Ne4 9. Bd3 f5 10. Qc2 0-0 11. 0-0 Qe7 12. c5 Bc7 13. b4 g5 14. Be1 axb4 15. Nb1 g4 16. Nfd2 Rf6 17. f4 Qg7 18. Nxe4 fxe4 19. Be2 bxa3 20. Bb4 Rxf4 21. exf4 Qxd4+ 22. Kh1 Qxb4 23. Bxg4 Nxc5 24. Nc3 Nd3 25. Rfb1 Qc5 26. g3 Nf2+ 27. Kg2 Nxg4 28. Qd2 b5 29. Rb3 Bd6 0-1

[Event "Oceania zt 3.6"]
[Site "Auckland"]
[Date "2017.01.15"]
[Round "2"]
[White "Bhat, Vishal"]
[Black "Kumar, Viney"]
[Result "1-0"]
[WhiteElo "1995"]
[BlackElo "1703"]
[PlyCount "121"]
[EventDate "2017.01.14"]
[EventType "swiss"]
[EventRounds "9"]
[EventCountry "NZL"]
[SourceTitle "CBM 176 Extra"]
[Source "ChessBase"]
[SourceDate "2017.03.02"]
[SourceVersion "1"]
[SourceVersionDate "2017.03.02"]
[SourceQuality "1"]

1. e4 c6 2. d4 d5 3. Nc3 dxe4 4. Nxe4 Bf5 5. Ng3 Bg6 6. h4 h6 7. Nf3 Nd7 8. h5 Bh7 9. Bd3 Bxd3 10. Qxd3 e6 11. Bd2 Ngf6 12. 0-0-0 Qc7 13. Kb1 0-0-0 14. c4 Bd6 15. Ne4 Nxe4 16. Qxe4 Nf6 17. Qe2 c5 18. Bc3 Kb8 19. Ne5 Bxe5 20. dxe5 Ng8 21. Qg4 Rh7 22. Rxd8+ Qxd8 23. Rd1 Qe8 24. Rd6 Ne7 25. Qd1 Kc8 26. b4 Nf5 27. Rd3 cxb4 28. Bxb4 Rh8 29. g4 Ne7 30. Bxe7 Qxe7 31. Rd6 Qc7 32. Qd4 b6 33. Kc2 Rd8 34. Kb3 f6 35. f4 fxe5 36. fxe5 Rxd6 37. exd6 Qd7 38. a4 Kb7 39. Qe4+ Qc6 40. Qxe6 Qf3+ 41. Kc2 Qf2+ 42. Kd3 Qf3+ 43. Kd4 Qf4+ 44. Qe4+ Qxe4+ 45. Kxe4 Kc6 46. Ke5 Kd7 47. Kd5 Kd8 48. Ke6 Ke8 49. d7+ Kd8 50. Kf7 Kxd7 51. Kxg7 Kd6 52. Kxh6 Kc5 53. g5 Kxc4 54. g6 Kb4 55. g7 Kxa4 56. g8Q a5 57. Qc4+ Ka3 58. Qb5 a4 59. Qxb6 Ka2 60. Qa5 a3 61. Kg5 1-0

[Event "Oceania zt 3.6"]
[Site "Auckland"]
[Date "2017.01.14"]
[Round "1"]
[White "Perrin, Kevin J"]
[Black "Bhat, Vishal"]
[Result "1/2-1/2"]
[WhiteElo "1537"]
[BlackElo "1995"]
[PlyCount "91"]
[EventDate "2017.01.14"]
[EventType "swiss"]
[EventRounds "9"]
[EventCountry "NZL"]
[SourceTitle "EXT 2018"]
[Source "ChessBase"]
[SourceDate "2017.10.13"]
[SourceVersion "1"]
[SourceVersionDate "2017.10.13"]
[SourceQuality "1"]

1. c4 e5 2. Nc3 Nf6 3. g3 Bb4 4. Bg2 0-0 5. e3 Re8 6. Nge2 c6 7. 0-0 d6 8. d4 Nbd7 9. b3 Nf8 10. Bb2 Ng6 11. dxe5 dxe5 12. Qc2 Qe7 13. a3 Ba5 14. b4 Bc7 15. Na4 a5 16. Nc5 Bb6 17. Na4 Bc7 18. b5 c5 19. Nc1 Rb8 20. Nb3 b6 21. Rad1 Be6 22. Nd2 Red8 23. e4 h5 24. Nc3 Bg4 25. f3 Bd7 26. Nd5 Nxd5 27. exd5 f5 28. Rfe1 h4 29. Nf1 Qd6 30. Qc3 Re8 31. Rd2 Bd8 32. Rde2 Bf6 33. Qc2 Kf7 34. Bh3 hxg3 35. hxg3 f4 36. Bxd7 Qxd7 37. g4 Rh8 38. Rh2 Rxh2 39. Nxh2 Rh8 40. Re2 Rh3 41. Qe4 Nh4 42. Rf2 Ng6 43. Rg2 Nh4 44. Rf2 Ng6 45. Rg2 Nh4 46. Rf2 1/2-1/2

[Event "London Classic op 8th"]
[Site "London"]
[Date "2016.12.14"]
[Round "7"]
[White "Bhat, Vishal"]
[Black "Cox, John J"]
[Result "0-1"]
[WhiteElo "1989"]
[BlackElo "2320"]
[PlyCount "120"]
[EventDate "2016.12.09"]
[EventType "swiss"]
[EventRounds "9"]
[EventCountry "ENG"]
[SourceTitle "CBM 176 Extra"]
[Source "ChessBase"]
[SourceDate "2017.03.02"]
[SourceVersion "1"]
[SourceVersionDate "2017.03.02"]
[SourceQuality "1"]

1. e4 e5 2. Nf3 Nc6 3. Bb5 a6 4. Ba4 Nf6 5. 0-0 Be7 6. Bxc6 dxc6 7. d3 Nd7 8. Nbd2 c5 9. Nc4 Bd6 10. a4 0-0 11. b3 f6 12. Bb2 Nb8 13. Re1 Nc6 14. Nfd2 Be6 15. Ne3 Qd7 16. g4 Bf7 17. Kh1 Nd4 18. Rg1 Ne6 19. Qf3 b5 20. h4 Nf4 21. Ng2 Nxg2 22. Rxg2 Be6 23. a5 c4 24. bxc4 bxc4 25. Nxc4 Bxc4 26. dxc4 Rab8 27. Qc3 Qc6 28. f3 Bb4 29. Qd3 Rfd8 30. Qe3 Qxc4 31. g5 Bc5 32. Qc1 Qe6 33. Kh2 Rd7 34. Ba3 Bxa3 35. Rxa3 f5 36. Rd3 fxe4 37. fxe4 Rf8 38. Rxd7 Qxd7 39. Qd2 Qe8 40. Rf2 Rxf2+ 41. Qxf2 Qc6 42. Qe2 Kf8 43. c4 Ke7 44. Qd3 Qc5 45. Kh3 Qxa5 46. h5 Qb6 47. Qc3 Qc5 48. h6 gxh6 49. gxh6 Qd6 50. Qe3 a5 51. c5 Qf6 52. Kg2 Qf4 53. Qd3 a4 54. c6 Qg5+ 55. Kf3 Qf6+ 56. Ke2 Qxc6 57. Qa3+ Kf7 58. Qa2+ Ke7 59. Qa3+ Kd7 60. Kf3 Qc4 0-1

[Event "World ol U16"]
[Site "Poprad"]
[Date "2016.07.29"]
[Round "9.2"]
[White "Bhat, Vishal"]
[Black "Horvath, Dominik"]
[Result "0-1"]
[WhiteElo "2107"]
[BlackElo "2216"]
[PlyCount "68"]
[EventDate "2016.07.22"]
[EventType "team-swiss"]
[EventRounds "9"]
[EventCountry "SVK"]
[SourceTitle "EXT 2017"]
[Source "ChessBase"]
[SourceDate "2016.10.25"]
[SourceVersion "1"]
[SourceVersionDate "2016.10.25"]
[SourceQuality "1"]
[WhiteTeam "Australia"]
[BlackTeam "Austria"]
[WhiteTeamCountry "AUS"]
[BlackTeamCountry "AUT"]

1. e4 c5 2. Nf3 e6 3. d4 cxd4 4. Nxd4 Nc6 5. Nc3 Qc7 6. Be3 a6 7. Qd2 Nf6 8. f4 Bb4 9. Bd3 Na5 10. a3 Bxc3 11. Qxc3 Qxc3+ 12. bxc3 d5 13. e5 Ne4 14. Nb3 Nc4 15. Bxc4 dxc4 16. Na5 Bd7 17. 0-0 Rc8 18. Nxb7 Bc6 19. Na5 Bd5 20. Bd4 f5 21. h4 h6 22. Kh2 g5 23. Be3 gxh4 24. Bd4 Rg8 25. Rg1 Ng3 26. Rae1 Rb8 27. a4 Rg4 28. Be3 Rb2 29. Rb1 Rxb1 30. Rxb1 Ne2 31. Rb8+ Kf7 32. Rb7+ Kg6 33. Rd7 Rxg2+ 34. Kh1 Ng3# 0-1

[Event "World ol U16"]
[Site "Poprad"]
[Date "2016.07.27"]
[Round "7.2"]
[White "Zamar Kodelja, Jurij"]
[Black "Bhat, Vishal"]
[Result "0-1"]
[WhiteElo "2103"]
[BlackElo "2107"]
[PlyCount "42"]
[EventDate "2016.07.22"]
[EventType "team-swiss"]
[EventRounds "9"]
[EventCountry "SVK"]
[SourceTitle "EXT 2017"]
[Source "ChessBase"]
[SourceDate "2016.10.25"]
[SourceVersion "1"]
[SourceVersionDate "2016.10.25"]
[SourceQuality "1"]
[WhiteTeam "Slovenia"]
[BlackTeam "Australia"]
[WhiteTeamCountry "SLO"]
[BlackTeamCountry "AUS"]

1. d4 d5 2. c4 c6 3. Nf3 Nf6 4. e3 Bf5 5. Be2 h6 6. 0-0 e6 7. Nc3 a6 8. c5 Nbd7 9. Bd2 Be7 10. b4 0-0 11. a4 g5 12. Ne5 Nxe5 13. dxe5 Nd7 14. f4 a5 15. bxa5 Nxc5 16. Be1 gxf4 17. exf4 d4 18. Nb1 d3 19. Rf2 dxe2 20. Qxe2 Nb3 21. Qh5 Bc5 0-1

[Event "World ol U16"]
[Site "Poprad"]
[Date "2016.07.25"]
[Round "5.2"]
[White "Batashevs, Arsens"]
[Black "Bhat, Vishal"]
[Result "1-0"]
[WhiteElo "1994"]
[BlackElo "2107"]
[PlyCount "67"]
[EventDate "2016.07.22"]
[EventType "team-swiss"]
[EventRounds "9"]
[EventCountry "SVK"]
[SourceTitle "EXT 2017"]
[Source "ChessBase"]
[SourceDate "2016.10.25"]
[SourceVersion "1"]
[SourceVersionDate "2016.10.25"]
[SourceQuality "1"]
[WhiteTeam "Latvia"]
[BlackTeam "Australia"]
[WhiteTeamCountry "LAT"]
[BlackTeamCountry "AUS"]

1. f4 d5 2. b3 Bg4 3. Bb2 e6 4. g3 Nf6 5. Bg2 c5 6. Nf3 Nc6 7. c4 d4 8. 0-0 h5 9. h3 Bf5 10. d3 Nh7 11. a3 g5 12. e4 Bg6 13. Qe2 Qe7 14. b4 h4 15. b5 Nb8 16. Bc1 hxg3 17. fxg5 Bh5 18. h4 Qc7 19. e5 Nd7 20. Bf4 Bg7 21. Nbd2 Nhf8 22. Bxg3 Ng6 23. Qe4 Bxf3 24. Nxf3 Ngxe5 25. Rae1 Nxf3+ 26. Rxf3 Qb6 27. Rf2 e5 28. Qxb7 Rb8 29. Qc6 Qa5 30. Rxf7 Kxf7 31. Qxd7+ Kg6 32. Qe6+ Bf6 33. Qxf6+ Kh7 34. Qf7# 1-0

[Event "World ol U16"]
[Site "Poprad"]
[Date "2016.07.23"]
[Round "2.2"]
[White "Bhat, Vishal"]
[Black "De Jager, Luan"]
[Result "0-1"]
[WhiteElo "2107"]
[BlackElo "1766"]
[PlyCount "90"]
[EventDate "2016.07.22"]
[EventType "team-swiss"]
[EventRounds "9"]
[EventCountry "SVK"]
[SourceTitle "EXT 2017"]
[Source "ChessBase"]
[SourceDate "2016.10.25"]
[SourceVersion "1"]
[SourceVersionDate "2016.10.25"]
[SourceQuality "1"]
[WhiteTeam "Australia"]
[BlackTeam "South Africa"]
[WhiteTeamCountry "AUS"]
[BlackTeamCountry "RSA"]

1. e4 c5 2. Nf3 Nc6 3. d4 cxd4 4. Nxd4 Nf6 5. Nc3 e5 6. Ndb5 d6 7. Bg5 a6 8. Na3 b5 9. Bxf6 gxf6 10. Nd5 Bg7 11. Bd3 Be6 12. 0-0 f5 13. Nxb5 axb5 14. Bxb5 Rc8 15. Nb4 Bd7 16. Qxd6 Nxb4 17. Qxb4 Bxb5 18. Qxb5+ Qd7 19. Qxd7+ Kxd7 20. c3 fxe4 21. a4 Rc4 22. a5 Kc6 23. a6 Ra8 24. Rfd1 Kb6 25. Rd7 Rc7 26. Rd6+ Kc5 27. Rad1 Rc6 28. b4+ Kb6 29. c4 Bf8 30. Rxc6+ Kxc6 31. b5+ Kc5 32. Ra1 Be7 33. Kf1 Bd8 34. Ra4 Bb6 35. Ke2 Rd8 36. Ke3 f5 37. g3 Ba7 38. h3 Rd4 39. Ra1 Rxc4 40. Rb1 Rb4 41. b6 Bxb6 42. Ra1 Kb5+ 43. Kd2 Ra4 44. Rb1+ Kxa6 45. Rb2 Bxf2 0-1